Science Quiz

Random Science or Biology Quiz

'J' Natural World Quiz Stats

 Plays Quiz Updated Feb 15, 2019

     
Support Sporcle.
Go Orange.
Score 0/21 Timer 05:00
0 Plays Today
Hint Answer % Correct
Which largest big cat of the Americas is the third largest after the tiger and the lion?Jaguar
89.8%
What name is given to any young marsupial such as a kangaroo, wallaby or koala?Joey
88%
What name is given to an area of land overgrown with dense forest and tangled vegetation, typically in the tropics?Jungle
84.1%
What name is given to a marine animal consisting of an umbrella-shaped bell and trailing tentacles?Jellyfish
83.6%
Gin gets its flavor from which berry of the tree or shrub of the cypress family?Juniper
81.1%
What North American hare owes their common name to Mark Twain, and long, donkey-like ears?Jackrabbit
73.7%
Which small scavenging African mammal is related to the wolf, dog, and coyote?Jackal
72.6%
What medium-sized chili pepper cultivar originates from the capital of Veracruz, Mexico?Jalapeño
68.4%
What is the first name of English primatologist and anthropologist Goodall, the world's foremost expert on chimpanzees?Jane
68.3%
What name is given to a male donkey?Jackass
67.4%
Which small breed of dairy cattle bred in the Channel Islands is popular for the high butterfat content of its milk?Jersey
64.8%
Hint Answer % Correct
Which terrier, bred for fox hunting, was developed by an English reverend in the early 19th century?Jack Russell
60.3%
What shrub blossom is a symbol of eternal love in China and also one of the holy flowers of Buddhism?Jasmine
57.2%
Which noisy, colorful member of the crow family is known for eating and burying acorns?Jay
49.5%
Which small crow typically nests in tall buildings and chimneys and is known for its inquisitiveness?Jackdaw
38.5%
What is midsection of the small intestine of many higher vertebrates like mammals, birds, and reptiles called?Jejunum
36.9%
Which long, soft, shiny vegetable fiber can be spun into coarse strong threads?Jute
32.4%
What spiny yellow oceanic fish of the genus Zeus is considered one of the most delicious?John Dory
27.9%
Which large thick-skinned orange is the primary citrus export of Israel?Jaffa
24.7%
The walnut tree is a plant of which genus?Juglans
7.3%
Which silvery coastal waters fish of Northern Australia is often mistaken for a bream?Javelin
4.3%

From the Vault

Who Coined the Phrase?

by gunthertoody

Strange to think that someone, somewhere decided that the term 'wardrobe malfunction' needed to become a thing.
Remove Ads.
Support Sporcle.
Get the best of Sporcle when you Go Orange. This ad-free experience offers more features, more stats, and more fun while also helping to support Sporcle. Thank you for becoming a member.

Show Comments

Extras

Top Quizzes Today


Score Distribution

Your Account Isn't Verified!

In order to create a playlist on Sporcle, you need to verify the email address you used during registration. Go to your Sporcle Settings to finish the process.

Report this User

Report this user for behavior that violates our Community Guidelines.

Details: